000 00592nam a22002057a 4500
003 UA-OsUOA
001 39109
007 ta
008 20060608b un ||||| |||| 00| 0 ukr d
090 _a32
_bП11
942 _cSA
040 _aUA-OsUOA
_bukr
_cUA-OsUOA
_dUA-OsUOA
245 _aПро затвердження Програми запровадження системи управління якістю в органах виконавчої влади
300 _a19-23 с.
955 _a0
041 _aukr
080 _a32
773 0 _w39099
650 7 _a32 Політика
_2UDC
999 _c325240
_d325240